| 000 | 00863nam a2200229 a 4500 | ||
|---|---|---|---|
| 001 | 38693 | ||
| 003 | BD-RjUL | ||
| 005 | 20211209052837.0 | ||
| 008 | 160208s1980 bg ||||| b||| 00| 0 ben d | ||
| 035 | _a(BD-RjUL)38802 | ||
| 040 |
_aBD-RjUL _beng _cBD-RjUL |
||
| 041 | _aben | ||
| 082 |
_a297.095492 _bTAB 1980 |
||
| 100 |
_aতালিব, আবদুল মান্নান _9119381 |
||
| 245 |
_aবাংলাদেশে ইসলাম / _cআবদুল মান্নান তালিব. |
||
| 260 |
_aঢাকা : _bআধুনিক প্রকাশনী, _c১৯৮০ |
||
| 300 |
_a৮, ২৫৫ পৃ. ; _c২২ সেমি. |
||
| 504 | _aগ্রন্থপঞ্জী সংযুক্ত | ||
| 650 |
_aইসলাম _zবাংলাদেশ _9119382 |
||
| 650 |
_aIslam _zBangladesh. _9118404 |
||
| 942 |
_2ddc _cBK _01 |
||
| 999 |
_c38693 _d38693 |
||